Statistieken voor Vlaggen van de Nederlandse Gemeenten - Willekeurig

Klik hier om de quiz te nemen!

Algemene statistieken

  • Deze quiz is 54 keer genomen
  • De gemiddelde score is 8 van 20

Antwoordstatistieken

Antwoord% Correct
Amstelveen
100%
Bergen op Zoom
100%
Beuningen
100%
Boxtel
100%
Breda
100%
Bronckhorst
100%
Brunssum
100%
Capelle aan den IJssel
100%
Castricum
100%
Coevorden
100%
Diemen
100%
Dongen
100%
Echt-Susteren
100%
Eemsdelta
100%
Eijsden-Margraten
100%
Elburg
100%
Gulpen-Wittem
100%
Haarlem
100%
Halderberge
100%
Hattem
100%
Helmond
100%
Hollands Kroon
100%
Horst aan de Maas
100%
IJsselstein
100%
Kaag en Braassem
100%
Kapelle
100%
Kerkrade
100%
Leiden
100%
Lisse
100%
Maastricht
100%
Midden-Delfland
100%
Midden-Groningen
100%
Montferland
100%
Opsterland
100%
Pijnacker-Nootdorp
100%
Reusel-De Mierden
100%
Rijssen-Holten
100%
Rotterdam
100%
Rozendaal
100%
Twenterand
100%
Uithoorn
100%
Urk
100%
Vaals
100%
Waterland
100%
Blaricum
67%
Barneveld
50%
Denekamp
50%
Deurne
50%
Hilvarenbeek
50%
Koggenland
50%
Olst-Wijhe
50%
Sittard
50%
Terneuzen
50%
Westerkwartier
50%
Lingewaard
33%
Aa en Hunze
0%
Aalsmeer
0%
Aalten
0%
Achtkarspelen
0%
Alblasserdam
0%
Albrandswaard
0%
Alkmaar
0%
Almelo
0%
Almere
0%
Alphen aan den Rijn
0%
Alphen-Chaam
0%
Altena
0%
Ameland
0%
Amersfoort
0%
Amsterdam
0%
Apeldoorn
0%
Arnhem
0%
Assen
0%
Asten
0%
Baarle-Nassau
0%
Baarn
0%
Barendrecht
0%
Beek
0%
Beekdaelen
0%
Beesel
0%
Bergeijk
0%
Berg en Dal
0%
Bergen (Limburg)
0%
Bergen (Noord-Holland)
0%
Berkelland
0%
Bernheze
0%
Best
0%
Beverwijk
0%
Bladel
0%
Bloemendaal
0%
Bodegraven-Reeuwijk
0%
Boekel
0%
Bonaire
0%
Borger-Odoorn
0%
Borne
0%
Borsele
0%
Brummen
0%
Bunnik
0%
Bunschoten
0%
Buren
0%
Cranendonck
0%
Culemborg
0%
Dalfsen
0%
Dantumadeel
0%
De Bilt
0%
De Friese Meren
0%
Delft
0%
Den Helder
0%
De Ronde Venen
0%
Deventer
0%
De Wolden
0%
Doesburg
0%
Doetinchem
0%
Dordrecht
0%
Drechterland
0%
Drimmelen
0%
Dronten
0%
Druten
0%
Duiven
0%
Edam-Volendam
0%
Ede
0%
Eemnes
0%
Eersel
0%
Eindhoven
0%
Emmen
0%
Enkhuizen
0%
Enschede
0%
Epe
0%
Ermelo
0%
Etten-Leur
0%
Geertruidenberg
0%
Geldrop-Mierlo
0%
Gemert-Bakel
0%
Gennep
0%
Gilze en Rijen
0%
Goeree-overflakkee
0%
Goes
0%
Goirle
0%
Gorinchem
0%
Gouda
0%
Groningen
0%
Haaksbergen
0%
Haarlemmermeer
0%
Hardenberg
0%
Harderwijk
0%
Hardinxveld-Giessendam
0%
Harlingen
0%
Heemskerk
0%
Heemstede
0%
Heerde
0%
Heerenveen
0%
Heerlen
0%
Heeze-Leende
0%
Heiloo
0%
Hellendoorn
0%
Hendrik-Ido-Ambacht
0%
Hengelo
0%
Het Hogeland
0%
Heumen
0%
Heusden
0%
Hillegom
0%
Hilversum
0%
Hoeksche Waard
0%
Hof van Twente
0%
Hoogeveen
0%
Hoorn
0%
Houten
0%
Huizen
0%
Hulst
0%
Kampen
0%
Katwijk
0%
Krimpen aan den IJssel
0%
Krimpenerwaard
0%
Laarbeek
0%
Landgraaf
0%
Landsmeer
0%
Land van Cuijk
0%
Lansingerland
0%
Laren
0%
Leeuwarden
0%
Leiderdorp
0%
Leidschendam-Voorburg
0%
Lelystad
0%
Leudal
0%
Leusden
0%
Lochem
0%
Loon op Zand
0%
Lopik
0%
Losser
0%
Maasdriel
0%
Maasgouw
0%
Maassluis
0%
Medemblik
0%
Meerssen
0%
Meierijstad
0%
Meppel
0%
Middelburg
0%
Midden-Drenthe
0%
Moerdijk
0%
Montfoort
0%
Mook en Middelaar
0%
Neder-Betuwe
0%
Nederweert
0%
Nieuwegein
0%
Nieuwkoop
0%
Nijkerk
0%
Nijmegen
0%
Nissewaard
0%
Noardeast-Fryslân
0%
Noord-Beveland
0%
Noordenveld
0%
Noordoostpolder
0%
Noordwijk
0%
Nuenen c.a.
0%
Nunspeet
0%
Oegstgeest
0%
Oirschot
0%
Oisterwijk
0%
Oldambt
0%
Oldebroek
0%
Oldenzaal
0%
Ommen
0%
Oosterhout
0%
Oost-Gelre
0%
Ooststellingwerf
0%
Oostzaan
0%
Opmeer
0%
Oss
0%
Oude IJsselstreek
0%
Ouder-Amstel
0%
Oudewater
0%
Overbetuwe
0%
Papendrecht
0%
Peel en Maas
0%
Pekela
0%
Purmerend
0%
Putten
0%
Raalte
0%
Reimerswaal
0%
Renkum
0%
Renswoude
0%
Rheden
0%
Rhenen
0%
Ridderkerk
0%
Rijswijk
0%
Roerdalen
0%
Roermond
0%
Roosendaal
0%
Rucphen
0%
Saba
0%
Schagen
0%
Scherpenzeel
0%
Schiedam
0%
Schiermonnikoog
0%
Schouwen-Duiveland
0%
's-Gravenhage (Den Haag)
0%
's-Hertogenbosch (Den Bosch)
0%
Simpelveld
0%
Sint Eustatius
0%
Sint-Michielsgestel
0%
Sliedrecht
0%
Sluis
0%
Smallingerland
0%
Soest
0%
Someren
0%
Son en Breugel
0%
Stadskanaal
0%
Staphorst
0%
Stede Broec
0%
Steenbergen
0%
Steenwijkerland
0%
Stein
0%
Stichtse Vecht
0%
Súdwest-Fryslân
0%
Terschelling
0%
Texel
0%
Teylingen
0%
Tholen
0%
Tiel
0%
Tietjerksteradeel
0%
Tilburg
0%
Tubbergen
0%
Tynaarlo
0%
Uitgeest
0%
Utrecht
0%
Utrechtse Heuvelrug
0%
Valkenburg aan de Geul
0%
Valkenswaard
0%
Veendam
0%
Veenendaal
0%
Veere
0%
Veldhoven
0%
Velsen
0%
Venlo
0%
Venray
0%
Vijfheerenlanden
0%
Vlaardingen
0%
Vlieland
0%
Vlissingen
0%
Voerendaal
0%
Voorschoten
0%
Voorst
0%
Vught
0%
Waadhoeke
0%
Waalre
0%
Waalwijk
0%
Waddinxveen
0%
Wageningen
0%
Wassenaar
0%
Weert
0%
Westerveld
0%
Westervoort
0%
Westerwolde
0%
Westland
0%
West Maas en Waal
0%
Weststellingwerf
0%
Wierden
0%
Wijchen
0%
Wijdemeren
0%
Wijk bij Duurstede
0%
Winterswijk
0%
Woensdrecht
0%
Woerden
0%
Wormerland
0%
Woudenberg
0%
Zaanstad
0%
Zaltbommel
0%
Zandvoort
0%
Zeewolde
0%
Zeist
0%
Zevenaar
0%
Zoetermeer
0%
Zoeterwoude
0%
Zuidplas
0%
Zundert
0%
Zutphen
0%
Zwartewaterland
0%
Zwijdrecht
0%
Zwolle
0%

Scoreverdeling

Percentiel versus Aantal Correcte Antwoorden

Procent van Mensen met Elke Score

Uw Scoregeschiedenis

U heeft deze quiz nog niet genomen